| 000 -LEADER |
| fixed length control field |
00620nam a22001577a 4500 |
| 008 - FIXED-LENGTH DATA ELEMENTS--GENERAL INFORMATION |
| fixed length control field |
210902b ||||| |||| 00| 0 eng d |
| 100 ## - MAIN ENTRY--PERSONAL NAME |
| Personal name |
Bjorkman, James Warner |
| 245 ## - TITLE STATEMENT |
| Title |
Frameworks of accountability in health care |
| 260 ## - PUBLICATION, DISTRIBUTION, ETC. (IMPRINT) |
| Place of publication, distribution, etc |
Administrative Change |
| 300 ## - PHYSICAL DESCRIPTION |
| Extent |
45(2), Jan-Dec, 2018: p.49-65 |
| 520 ## - SUMMARY, ETC. |
| Summary, etc |
Following comments on the concept of accountability and a description of the complex field of health services, this easy explores four frameworks. – Reproduced |
| 650 ## - SUBJECT ADDED ENTRY--TOPICAL TERM |
| Topical term or geographic name as entry element |
Earth care, Health services |
| 9 (RLIN) |
29054 |
| 773 ## - HOST ITEM ENTRY |
| Main entry heading |
Administrative Change |
| 906 ## - LOCAL DATA ELEMENT F, LDF (RLIN) |
| Subject DIP |
ENVIRONMENT |
| 942 ## - ADDED ENTRY ELEMENTS (KOHA) |
| Item type |
Articles |